Natural regions of the United States / (Record no. 9930)
[ view plain ]
| 000 -LEADER | |
|---|---|
| fixed length control field | 00542nam a22001817a 4500 |
| 003 - CONTROL NUMBER IDENTIFIER | |
| control field | OSt |
| 005 - DATE AND TIME OF LATEST TRANSACTION | |
| control field | 20140310182146.0 |
| 008 - FIXED-LENGTH DATA ELEMENTS--GENERAL INFORMATION | |
| fixed length control field | 130829t xxu||||| |||| 00| 0 eng d |
| 020 ## - INTERNATIONAL STANDARD BOOK NUMBER | |
| International Standard Book Number | 084031258X |
| 050 ## - LIBRARY OF CONGRESS CALL NUMBER | |
| Classification number | GB 121 |
| Item number | .P669 1975 |
| 082 ## - DEWEY DECIMAL CLASSIFICATION NUMBER | |
| Classification number | HS 917.302 |
| Item number | P66 1975 |
| 100 ## - MAIN ENTRY--PERSONAL NAME | |
| Personal name | Pirkle, E.C.; Yoho, W.H. |
| 9 (RLIN) | 15534 |
| 245 ## - TITLE STATEMENT | |
| Title | Natural regions of the United States / |
| Statement of responsibility, etc | E.C. Perkle and W.H. Yoho. |
| 260 ## - PUBLICATION, DISTRIBUTION, ETC. (IMPRINT) | |
| Place of publication, distribution, etc | Dubuque, Iowa : |
| Name of publisher, distributor, etc | Kendall/Hunt Pub., |
| Date of publication, distribution, etc | c1975. |
| 300 ## - PHYSICAL DESCRIPTION | |
| Extent | 332 p. : |
| Other physical details | ill. ; |
| Dimensions | 28 cm. |
| 942 ## - ADDED ENTRY ELEMENTS (KOHA) | |
| Source of classification or shelving scheme | Library of Congress Classification |
| Koha item type | |
| Withdrawn status | Lost status | Source of classification or shelving scheme | Damaged status | Home library | Current library | Shelving location | Date acquired | Total Checkouts | Full call number | Barcode | Date last seen | Copy number | Price effective from | Koha item type |
|---|---|---|---|---|---|---|---|---|---|---|---|---|---|---|
| Library of Congress Classification | Luxembourg Library | Luxembourg Library | High School Section | 08/29/2013 | GB 121 .P669 1975 | 9262 | 08/29/2013 | 1 | 08/29/2013 | Books |